| 000 | 00804nam a2200229Ia 4500 | ||
|---|---|---|---|
| 003 | OSt | ||
| 005 | 20221005113441.0 | ||
| 006 | a|||||r|||| 00| 0 | ||
| 007 | ta | ||
| 008 | 221004b |||||||| |||| 00| 0 pan d | ||
| 024 | _a103119 | ||
| 037 | _cTextual | ||
| 040 |
_aCRL _cCRL _bpan |
||
| 041 |
_2pan _apan |
||
| 082 | _aV2:51xN07w, 153P0 | ||
| 100 | _aਜਗਮੋਹਨ ਸਿੰਘ, ਥਦ। | ||
| 245 | 0 |
_aਹੀਦ ਭਗਤ ਸਿੰਘ _b ਅਤੇ ਉਹਨਾਂ ਦੇ ਸਾਥੀਆਂ ਦੀਆਂ ਲਿਖਤਾਂ |
|
| 260 |
_aਲੁਧਿਆਣਾ _bਚੇਤਨਾ ਪ੍ਰਕਾਨ ਭਾਰਤ _c2000 |
||
| 300 |
_a392ਪੰ _ccm. |
||
| 942 |
_hV2:51xN07w, 153P0 _cTEXL _2cc |
||
| 999 |
_c1028227 _d1028227 |
||